Дерех мицвотеха [Путь заповедей твоих]. Т. 1 (Запись № 10479432)

Подробности
000 -МАРКЕР
контрольное поле 01406nam2a2200277 i 4500
001 - ИДЕНТИФИКАТОР ЗАПИСИ
контрольное поле RU\NLR\BIBL_A\010875667
005 - ИДЕНТИФИКАТОР ВЕРСИИ
контрольное поле 20240728235722.0
010 ## - МЕЖДУНАРОДНЫЙ СТАНДАРТНЫЙ НОМЕР КНИГИ (ISBN)
Номер (ISBN) 9785995303978
Уточнения Книжники
010 ## - МЕЖДУНАРОДНЫЙ СТАНДАРТНЫЙ НОМЕР КНИГИ (ISBN)
Номер (ISBN) 978-5-9003-1020-6
Уточнения Лехаим
Тираж 1000
021 ## - НОМЕР ГОСУДАРСТВЕННОЙ РЕГИСТРАЦИИ
Код страны Российская Федерация
Номер 2015-73501
Номер Листа государственной регистраци 4420
035 ## - ДРУГИЕ СИСТЕМНЫЕ НОМЕРА
Идентификатор записи (NLR Aleph) 010875667
100 ## - ДАННЫЕ ОБЩЕЙ ОБРАБОТКИ
Данные общей обработки 20151026d2015 u y0rusy50 ca
101 0# - ЯЗЫК РЕСУРСА
Язык текста, звукозаписи и т.д. русский
102 ## - СТРАНА ПУБЛИКАЦИИ ИЛИ ПРОИЗВОДСТВА
Страна публикации Российская Федерация
105 ## - ПОЛЕ КОДИРОВАННЫХ ДАННЫХ: ТЕКСТОВЫЕ МАТЕРИАЛЫ, МОНОГРАФИЧЕСКИЕ
Кодированные данные о монографическом текстовом документе y w 001yy
200 0# - ЗАГЛАВИЕ И СВЕДЕНИЯ ОБ ОТВЕТСТВЕННОСТИ
Основное заглавие Т. 1
210 ## - ПУБЛИКАЦИЯ, РАСПРОСТРАНЕНИЕ И ДР.
Дата издания, распространения и т.д. 2015
215 ## - ФИЗИЧЕСКАЯ ХАРАКТЕРИСТИКА
Специфическое обозначение материала и объем 376 с.
320 ## - ПРИМЕЧАНИЯ О НАЛИЧИИ В ДОКУМЕНТЕ БИБЛИОГРАФИИ / УКАЗАТЕЛЯ
Текст примечания Библиогр.: с. 372-374 и в подстроч. примеч.
320 ## - ПРИМЕЧАНИЯ О НАЛИЧИИ В ДОКУМЕНТЕ БИБЛИОГРАФИИ / УКАЗАТЕЛЯ
Текст примечания Указ. имен в конце кн.
461 #0 - УРОВЕНЬ НАБОРА
Встроенное поле 001RU\NLR\BIBL_A\010970222
-- 2001#$aДерех мицвотеха [Путь заповедей твоих]$e[в 6 т.]$fРабби Менахем-Мендл из Любавичей [Цемах Цедек]$gпер. с иврита Ури Камишова$vТ. 1
-- 700#1$aШнеерсон$bМ.-М.$cрабби$f1902-1994$gМенахем-Мендл$3RU\NLR\AUTH\779919
Системный номер (АБИС) связанной записи 10817983
Автор Цемах Цедек (раввин ; 1789-1866)
Место публикации Москва
Дата публикации 2015
Первые сведения об ответственности Рабби Менахем-Мендл из Любавичей [Цемах Цедек]
Имя издателя, распространителя и т.д. Книжники
Сведения, относящиеся к заглавию [в 6 т.]
Заглавие Дерех мицвотеха [Путь заповедей твоих]
ISBN 9785995303923
Номер тома Т. 1
942 ## - ДОПОЛНИТЕЛЬНЫЕ ЭЛЕМЕНТЫ ЗАПИСИ (АБИС)
Тип экземпляра АБИС Книга
980 ## - КОЛЛЕКЦИЯ
Название коллекции НБР

Нет доступных экземпляров.